1000 Artists by Hit Song - Statistics

General Stats
  • This quiz has been taken 1,634 times
  • The average score is 276 of 1000
Answer Stats
Song Title Artist % Correct
Billie Jean Michael Jackson
90%
Bohemian Rhapsody Queen
90%
In da Club 50 Cent
88%
Mirror in the Bathroom The Beat
87%
Hey Jude The Beatles
86%
Bad Romance Lady Gaga
85%
Let's Stay Together Al Green
84%
Tiny Dancer Elton John
84%
On the Good Ship Lollipop Shirley Temple
84%
Dancing Queen ABBA
83%
Rhythm Nation Janet Jackson
82%
I Kissed a Girl Katy Perry
82%
Happy Pharrell Williams
82%
Like a Virgin Madonna
81%
Smells Like Teen Spirit Nirvana
81%
Rolling in the Deep Adele
80%
So What P!NK
80%
Hips Don't Lie Shakira
80%
Crazy in Love Beyonce
79%
Lose Yourself Eminem
79%
Back in Black AC/DC
78%
Hotel California Eagles
78%
Heartbreak Hotel Elvis Presley
78%
Rehab Amy Winehouse
76%
American Idiot Green Day
76%
Every Breath You Take The Police
76%
Stayin' Alive Bee Gees
75%
Imagine John Lennon
75%
Enter Sandman Metallica
75%
Disturbia Rihanna
75%
Viva la Vida Coldplay
74%
99 Problems Jay Z
74%
Gold Digger Kanye West
74%
You Belong with Me Taylor Swift
74%
Piano Man Billy Joel
73%
SexyBack Justin Timberlake
73%
Wrecking Ball Miley Cyrus
73%
I Want It That Way The Backstreet Boys
73%
My Heart Will Go On Celine Dion
72%
Jolene Dolly Parton
72%
Sympathy for the Devil The Rolling Stones
72%
Gettin' Jiggy wit It Will Smith
72%
Take On Me A-Ha
71%
What Am I Gonna Do with You Barry White
71%
No Woman, No Cry Bob Marley and the Wailers
71%
Don't Stop Believin' Journey
71%
Wonderwall Oasis
71%
Gangnam Style Psy
71%
Last Christmas Wham!
71%
Locked Out of Heaven Bruno Mars
70%
Get Lucky Daft Punk
70%
Space Oddity David Bowie
70%
When Doves Cry Prince
70%
Losing My Religion R.E.M.
70%
Zombie The Cranberries
70%
Moves Like Jagger Maroon 5
69%
I Gotta Feeling The Black Eyed Peas
69%
Mr. Brightside The Killers
68%
(You Make Me Feel Like) A Natural Woman Aretha Franklin
67%
Wanted Dead or Alive Bon Jovi
67%
You're So Vain Carly Simon
67%
You Can Call Me Al Paul Simon
67%
Comfortably Numb Pink Floyd
67%
Money on My Mind Sam Smith
67%
Drop It Like It's Hot Snoop Dogg
67%
Ice Ice Baby Vanilla Ice
67%
Barbie Girl Aqua
66%
The Thrill is Gone B.B. King
66%
Womanizer Britney Spears
66%
Genie in a Bottle Christina Aguilera
66%
Ring of Fire Johnny Cash
66%
Tik Tok Kesha
66%
Royals Lorde
66%
Thrift Shop Macklemore & Ryan Lewis
66%
Summer of '69 Bryan Adams
65%
Girls Just Want to Have Fun Cyndi Lauper
65%
Main Title (Theme From 'Jaws') John Williams
65%
Chandelier Sia
65%
With or Without You U2
65%
How Will I Know Whitney Houston
65%
Born Under a Bad Sign Albert King
64%
Like a Rolling Stone Bob Dylan
64%
Gangsta's Paradise Coolio
64%
Rainbow in the Dark Dio
64%
Strangers in the Night Frank Sinatra
64%
Praying for Time George Michael
64%
November Rain Guns N' Roses
64%
Let's Get It On Marvin Gaye
64%
Anaconda Nicki Minaj
64%
Bye Bye Bye NSYNC
64%
Dani California Red Hot Chili Peppers
64%
Good Vibrations The Beach Boys
64%
Iron Man Black Sabbath
63%
Hollaback Girl Gwen Stefani
63%
Cold, Cold Heart Hank Williams
63%
Immigrant Song Led Zeppelin
63%
Sweet Home Alabama Lynyrd Skynyrd
63%
Save the Best for Last Vanessa Williams
63%
Stand by Me Ben E. King
62%
Complicated Avril Lavigne
61%
Heart of Glass Blondie
61%
One Dance Drake
61%
Radioactive Imagine Dragons
61%
Moonlight Sonata (Piano Sonata No. 14) Ludwig van Beethoven
61%
We Belong Together Mariah Carey
61%
These Boots Are Made for Walkin' Nancy Sinatra
61%
Ms. Jackson Outkast
61%
Seven Nation Army The White Stripes
61%
Take Me to Church Hozier
60%
What Makes You Beautiful One Direction
60%
Paranoid Android Radiohead
60%
Anarchy in the UK Sex Pistols
60%
Superstition Stevie Wonder
60%
Everybody Wants to Rule the World Tears for Fears
60%
Eine kleine Nachtmusik (A Little Night Music) Wolfgang Amadeus Mozart
60%
Feel Good Inc. Gorillaz
59%
Crazy Train Ozzy Osbourne
59%
Never Gonna Give You Up Rick Astley
59%
She Bangs Ricky Martin
59%
Thinking Out Loud Ed Sheeran
58%
The Final Countdown Europe
58%
Bring Me to Life Evanescence
58%
Rhiannon Fleetwood Mac
58%
Sweet Caroline Neil Diamond
58%
London Calling The Clash
58%
Purple Haze The Jimi Hendrix Experience
58%
Could've Been Me Billy Ray Cyrus
57%
Thunder Road Bruce Springsteen
57%
Yeah 3x Chris Brown
57%
Johnny B. Goode Chuck Berry
57%
I Got You (I Feel Good) James Brown
57%
In the End Linkin Park
57%
I Believe I Can Fly R. Kelly
57%
The Sound of Silence Simon & Garfunkel
57%
Starboy The Weeknd
57%
(You Gotta) Fight For Your Right (To Party) Beastie Boys
56%
All the Small Things Blink-182
56%
If I Could Turn Back Time Cher
56%
Fortunate Son Creedence Clearwater Revival
56%
Everlong Foo Fighters
56%
I Will Survive Gloria Gaynor
56%
Somebody That I Used to Know Gotye
56%
As Long as You Love Me Justin Bieber
56%
U Can't Touch This MC Hammer
56%
Counting Stars OneRepublic
56%
Kiss from a Rose Seal
56%
Friday I'm in Love The Cure
56%
Light My Fire The Doors
56%
Y.M.C.A. Village People
56%
Sweet Emotion Aerosmith
55%
My Prerogative Bobby Brown
55%
Nuthin' but a 'G' Thang Dr. Dre
55%
Rock and Roll All Nite Kiss
55%
Party Rock Anthem LMFAO
55%
Happy Birthday, Mr. President Marilyn Monroe
55%
What's Love Got to Do with It Tina Turner
55%
That's Amore Dean Martin
54%
Sultans of Swing Dire Straits
54%
Tears in Heaven Eric Clapton
54%
Iris Goo Goo Dolls
54%
The Heart of Rock & Roll Huey Lewis and the News
54%
What a Wonderful World Louis Armstrong
54%
Don't Speak No Doubt
54%
Sussudio Phil Collins
54%
Mo Money Mo Problems The Notorious B.I.G.
54%
My Generation The Who
54%
Brown Eyed Girl Van Morrison
54%
Hail Mary 2Pac
53%
I Bet You Look Good on the Dancefloor Arctic Monkeys
53%
Rebel Yell Billy Idol
53%
Song 2 Blur
53%
American Pie Don McLean
53%
Hungry Like the Wolf Duran Duran
53%
Are You Gonna Be My Girl Jet
53%
I Love Rock 'n' Roll Joan Jett and the Blackhearts
53%
Hot in Herre Nelly
53%
All Star Smash Mouth
53%
Fire Woman The Cult
53%
Bitter Sweet Symphony The Verve
53%
Confessions Part II Usher
53%
A Horse With No Name America
52%
Smoke on the Water Deep Purple
52%
Babooshka Kate Bush
52%
Stronger (What Doesn't Kill You) Kelly Clarkson
52%
Humble Kendrick Lamar
52%
Summertime Sadness Lana Del Rey
52%
Black Hole Sun Soundgarden
52%
Free Fallin' Tom Petty
52%
More Than a Feeling Boston
51%
My Own Worst Enemy Lit
51%
(Sittin' On) The Dock of the Bay Otis Redding
51%
Super Freak Rick James
51%
It Wasn't Me Shaggy
51%
Girl on Fire Alicia Keys
50%
Karma Chameleon Culture Club
50%
I'd Rather Go Blind Etta James
50%
My House Flo Rida
50%
Great Balls of Fire Jerry Lee Lewis
50%
Take Me Home, Country Roads John Denver
50%
99 Luftballons Nena
50%
Downtown Petula Clark
50%
I Want You Back The Jackson 5
50%
What's New Pussycat? Tom Jones
50%
Hold the Line Toto
50%
Drops of Jupiter (Tell Me) Train
50%
Hot for Teacher Van Halen
50%
Mr. Blue Sky Electric Light Orchestra
49%
Shower the People James Taylor
49%
Straight Outta Compton N.W.A
49%
Informer Snow
49%
Holding Out for a Hero Bonnie Tyler
48%
Sunshine of Your Love Cream
48%
Bills, Bills, Bills Destiny's Child
48%
Ain't Messin 'Round Gary Clark Jr.
48%
Concerto for Two Violins (Double Violin Concerto) Johann Sebastian Bach
48%
Hallelujah Leonard Cohen
48%
Heart of Gold Neil Young
48%
Come Away with Me Norah Jones
48%
Jeremy Pearl Jam
48%
I Wanna Be Sedated Ramones
48%
Say It Ain't So Weezer
48%
Sunglasses at Night Corey Hart
47%
Pour Some Sugar on Me Def Leppard
47%
Invisible Touch Genesis
47%
It Was a Good Day Ice Cube
47%
Go West | West End Girls Pet Shop Boys
47%
Love Shack The B-52's
47%
Side to Side Ariana Grande
46%
Good Times Chic
46%
Son of a Preacher Man Dusty Springfield
46%
Run to the Hills Iron Maiden
46%
Carry On Wayward Son Kansas
46%
Can't Get You Out of My Head Kylie Minogue
46%
Jessie's Girl Rick Springfield
46%
Oh, Pretty Woman Roy Orbison
46%
Chop Suey System of a Down
46%
Daydream Believer The Monkees
46%
Low Rider War
46%
Personal Jesus Depeche Mode
45%
Boogie Wonderland Earth, Wind & Fire
45%
Baracuda Heart
45%
Footloose Kenny Loggins
45%
Down Under Men at Work
45%
Psycho Killer Talking Heads
45%
You Really Got Me The Kinks
45%
Don't Cha The Pussycat Dolls
45%
This Charming Man The Smiths
45%
La Grange ZZ Top
45%
Wake Me Up Avicii
44%
Shake, Rattle and Roll Big Joe Turner
44%
MMMBop Hanson
44%
Rockstar Nickelback
44%
Machinehead Bush
43%
Hot Stuff Donna Summer
43%
Bailamos Enrique Iglesias
43%
Dog Days Are Over Florence + the Machine
43%
Use Somebody Kings of Leon
43%
Edge of Seventeen Stevie Nicks
43%
You Oughta Know Alanis Morissette
42%
Come On Eileen Dexys Midnight Runners
42%
The Gambler Kenny Rogers
42%
6 Foot 7 Foot Lil Wayne
42%
Say You, Say Me Lionel Richie
42%
Paper Planes M.I.A.
42%
Ace of Spades Motorhead
42%
Supermassive Black Hole Muse
42%
Welcome to the Black Parade My Chemical Romance
42%
Du hast Rammstein
42%
Chasing Cars Snow Patrol
42%
Manic Monday The Bangles
42%
Heathens Twenty One Pilots
42%
Here Comes the Rain Again Eurythmics
41%
Glamorous Fergie
41%
Love Don't Cost a Thing Jennifer Lopez
41%
Are You Gonna Go My Way Lenny Kravitz
41%
Hey There Delilah Plain White T's
41%
Bulls on Parade Rage Against the Machine
41%
Rock You Like a Hurricane Scorpions
41%
Born to be Wild Steppenwolf
41%
Peggy Sue Buddy Holly
40%
25 or 6 to 4 Chicago
40%
Take Me Out Franz Ferdinand
40%
Tutti Frutti Little Richard
40%
Fireflies Owl City
40%
Sledgehammer Peter Gabriel
40%
Every Rose Has Its Thorn Poison
40%
Eat It Weird Al Yankovic
40%
The Sign Ace of Base
39%
Loser Beck
39%
Ain't No Sunshine Bill Withers
39%
Sugar, We're Goin Down Fall Out Boy
39%
Lust for Life Iggy Pop
39%
Hopelessly Devoted to You Olivia Newton-John
39%
Bullet with Butterfly Wings Smashing Pumpkins
39%
Desert Rose Sting
39%
Ho Hey The Lumineers
39%
The Four Seasons (Le quattro stagioni) Antonio Vivaldi
38%
Before He Cheats Carrie Underwood
38%
Tubthumping Chumbawamba
38%
White Rabbit Jefferson Airplane
38%
Freak on a Leash Korn
38%
Head Like a Hole Nine Inch Nails
38%
I Know You Want Me (Calle Ocho) Pitbull
38%
What'd I Say Ray Charles
38%
Corazon Espinado Santana
38%
Say You'll Be There Spice Girls
38%
My Girl The Temptations
38%
Here I Go Again Whitesnake
38%
See You Again Wiz Khalifa
38%
Orinoco Flow (Sail Away) Enya
37%
Some Nights fun.
37%
Need You Tonight INXS
37%
Breaking the Law Judas Priest
37%
Dancing in the Moonlight King Harvest
37%
Rollin' (Air Raid Vehicle) Limp Bizkit
37%
Ride of the Valkyries (Walkurenritt) Richard Wagner
37%
It's Tricky Run-D.M.C.
37%
Tom Sawyer Rush
37%
Don't You (Forget About Me) Simple Minds
37%
You Might Think The Cars
37%
We're Not Gonna Take It Twisted Sister
37%
My Own Prison Creed
36%
Love Will Tear Us Apart Joy Division
36%
Walk on the Wild Side Lou Reed
36%
Misery Business Paramore
36%
Love is a Battlefield Pat Benatar
36%
White Iverson Post Malone
36%
Young Turks Rod Stewart
36%
The Heart Wants What It Wants Selena Gomez
36%
Baby Got Back Sir Mix-a-Lot
36%
Dhoom Dhoom Tata Young
36%
Rockin' Around the Christmas Tree Brenda Lee
35%
Foolish Pride Daryl Hall
35%
Pumped Up Kicks Foster the People
35%
Crazy Gnarls Barkley
35%
I Got You Babe Sonny & Cher
35%
How to Save a Life The Fray
35%
Smack That Akon
34%
Man in the Box Alice in Chains
34%
Copacabana (At the Copa) Barry Manilow
34%
Get Outta My Dreams, Get into My Car Billy Ocean
34%
Kids in America Kim Wilde
34%
Dr. Feelgood Motley Crue
34%
Say It Right Nelly Furtado
34%
Death of a Bachelor Panic! at the Disco
34%
I'm Too Sexy Right Said Fred
34%
Any Man of Mine Shania Twain
34%
We Built This City Starship
34%
Shireg Shireg The Hu
34%
Baby Love The Supremes
34%
The Boys Are Back in Town Thin Lizzy
34%
Pillowtalk Zayn
34%
Do They Know It's Christmas? Band Aid
33%
Take My Breath Away Berlin
33%
Rock Me Amadeus Falco
33%
Sweet Life Frank Ocean
33%
Fly Like an Eagle Steve Miller Band
33%
We Gotta Get out of This Place The Animals
33%
#Selfie The Chainsmokers
33%
Last Nite The Strokes
33%
The Way I Are Timbaland
33%
On the Road Again Willie Nelson
33%
Owner of a Lonely Heart Yes
33%
Secret Love Doris Day
32%
Juke Box Hero Foreigner
32%
Over the Rainbow Judy Garland
32%
Two Out of Three Ain't Bad Meat Loaf
32%
Fight the Power Public Enemy
32%
It's All About the Benjamins Puff Daddy
32%
Treat You Better Shawn Mendes
32%
Turn! Turn! Turn! The Byrds
32%
Happy Together The Turtles
32%
Unpretty TLC
32%
Kryptonite 3 Doors Down
31%
Let's Twist Again Chubby Checker
31%
Whip It Devo
31%
Celebrity Skin Hole
31%
Margaritaville Jimmy Buffett
31%
Halloween Theme Main Title John Carpenter
31%
All Summer Long Kid Rock
31%
The Beautiful People Marilyn Manson
31%
Hate Me Now Nas
31%
Kiss Me thru the Phone Soulja Boy
31%
My Sharona The Knack
31%
No More Mr. Nice Guy Alice Cooper
30%
Burnin' for You Blue Oyster Cult
30%
Friends in Low Places Garth Brooks
30%
Kiss On My List Hall and Oates
30%
Kozmic Blues Janis Joplin
30%
Family Affair Mary J. Blige
30%
Ghostbusters Ray Parker Jr.
30%
Addicted to Love Robert Palmer
30%
The Sweetest Taboo Sade
30%
A Change Is Gonna Come Sam Cooke
30%
Brass in Pocket The Pretenders
30%
Sweet Jane The Velvet Underground
30%
Cruel Summer Bananarama
29%
Wild World Cat Stevens
29%
Baba Yetu Christopher Tin
29%
Beds Are Burning Midnight Oil
29%
1812 Overture (The Year 1812) Pyotr Ilyich Tchaikovsky
29%
Video Killed the Radio Star The Buggles
29%
Firestarter The Prodigy
29%
C.R.E.A.M. Wu-Tang Clan
29%
I Ran (So Far Away) A Flock of Seagulls
28%
Accidentally in Love Counting Crows
28%
The Boys of Summer Don Henley
28%
Last Goodbye Jeff Buckley
28%
Macarena Los del Rio
28%
Bizarre Love Triangle New Order
28%
Whatta Man Salt-N-Pepa
28%
Soak Up the Sun Sheryl Crow
28%
Come Out and Play The Offspring
28%
America, F- Yeah Trey Parker
28%
Walking on Broken Glass Annie Lennox
27%
Strange Fruit Billie Holiday
27%
I Don't Want This Night to End Luke Bryan
27%
Symphony of Destruction Megadeth
27%
Safety Dance Men Without Hats
27%
Freddie Freeloader Miles Davis
27%
Ain't Got No, I Got Life Nina Simone
27%
You've Got a Friend in Me Randy Newman
27%
Take It on the Run REO Speedwagon
27%
Cross Road Blues Robert Johnson
27%
Duality Slipknot
27%
Come Sail Away Styx
27%
The Logical Song Supertramp
27%
Thank You Dido
26%
Down With the Sickness Disturbed
26%
All I Do Is Win DJ Khaled
26%
Jack & Diane John Cougar
26%
(Shake, Shake, Shake) Shake Your Booty KC and the Sunshine Band
26%
Always Look on the Bright Side of Life Monty Python
26%
Last Resort Papa Roach
26%
Time of the Season The Zombies
26%
Who Let the Dogs Out? Baha Men
25%
Woman in Love Barbra Streisand
25%
Insane in the Brain Cypress Hill
25%
Crash Into Me Dave Matthews Band
25%
When Love Takes Over David Guetta
25%
She Drives Me Crazy Fine Young Cannibals
25%
Stacy's Mom Fountains of Wayne
25%
Jump Around House of Pain
25%
(You Love Keeps Lifting Me) Higher and Higher Jackie Wilson
25%
The Court of the Crimson King King Crimson
25%
Mama Said Knock You Out LL Cool J
25%
Little Lion Man Mumford & Sons
25%
Step by Step New Kids on the Block
25%
Opposites Attract Paula Abdul
25%
Keep Your Eye on the Sparrow (Baretta's Theme) Sammy Davis Jr.
25%
Burning Heart Survivor
25%
Rapper's Delight The Sugarhill Gang
25%
Antidote Travis Scott
25%
We Are the World USA for Africa
25%
A Thousand Miles Vanessa Carlton
25%
On Bended Knee Boyz II Men
24%
I Can't Help Myself (Sugar Pie Honey Bunch) Four Tops
24%
Stupid Girl Garbage
24%
Touch of Grey Grateful Dead
24%
The Middle Jimmy Eat World
24%
Funkytown Lipps Inc.
24%
Sock It 2 Me Missy Elliott
24%
No One Knows Queens of the Stone Age
24%
Thong Song Sisqo
24%
Ramblin' Man The Allman Brothers Band
24%
Sugar, Sugar The Archies
24%
Listen to the Music The Doobie Brothers
24%
Semi-Charmed Life Third Eye Blind
24%
20th Century Boy T. Rex
24%
Give Your Heart a Break Demi Lovato
23%
I've Got to Use My Imagination Gladys Knight & the Pips
23%
Fade Into You Mazzy Star
23%
Bad and Boujee Migos
23%
Monkey Gone to Heaven Pixies
23%
Joyride Roxette
23%
Techno Cumbia Selena
23%
Holding Back the Years Simply Red
23%
Raining Blood Slayer
23%
Fat Lip Sum 41
23%
Back For Good Take That
23%
One Week The Barenaked Ladies
23%
Bye Bye Love The Everly Brothers
23%
American Woman The Guess Who
23%
I'm Not in Love 10cc
22%
Look at Your Game, Girl Charles Manson
22%
Suite: Judy Blue Eyes Crosby, Stills, & Nash
22%
Pump It Up Elvis Costello
22%
There You'll Be Faith Hill
22%
Fantaisie-Impromptu Frederic Chopin
22%
The Reason Hoobastank
22%
Ina Gadda da Vida Iron Butterfly
22%
Been Caught Stealing Jane's Addiction
22%
Puff, the Magic Dragon Peter, Paul and Mary
22%
Dragula Rob Zombie
22%
Dance to the Music Sly and the Family Stone
22%
Do It Again Steely Dan
22%
I Left My Heart in San Francisco Tony Bennett
22%
Cherry Pie Warrant
22%
When the Girl in Your Arms Is the Girl in Your Heart Cliff Richard
21%
Holiday in Cambodia Dead Kennedys
21%
Electric Avenue Eddy Grant
21%
Time in a Bottle Jim Croce
21%
I Don't Like Mondays The Boomtown Rats
21%
Chelsea Dagger The Fratellis
21%
You've Lost That Lovin' Feelin' The Righteous Brothers
21%
Schism Tool
21%
Food for Thought UB40
21%
Blister in the Sun Violent Femmes
21%
This Land Is Your Land Woody Guthrie
21%
Hyperballad Bjork
20%
No Rain Blind Melon
20%
Skinny Love Bon Iver
20%
Mmm Mmm Mmm Mmm Crash Test Dummies
20%
Epic Faith No More
20%
Ain't That a Shame Fats Domino
20%
Two Tribes Frankie Goes to Hollywood
20%
Baker Street Gerry Rafferty
20%
Glory John Legend
20%
Burnin' Up Jonas Brothers
20%
Free Man in Paris Joni Mitchell
20%
Jungle Boogie Kool & the Gang
20%
Big Iron Marty Robbins
20%
Cooler than Me Mike Posner
20%
Float On Modest Mouse
20%
Closing Time Semisonic
20%
Dirty Little Secret The All-American Rejects
20%
Lonely Boy The Black Keys
20%
The Chipmunk Song (Christmas Don't Be Late) The Chipmunks
20%
Ballroom Blitz The Sweet
20%
Reflektor Arcade Fire
19%
In a Big Country Big Country
19%
Ain't No Rest for the Wicked Cage the Elephant
19%
Change (In the House of Flies) Deftones
19%
I'm Shipping Up to Boston Dropkick Murphys
19%
The Killing Moon Echo & the Bunnymen
19%
A Little Respect Erasure
19%
Slow Ride Foghat
19%
Living on My Own Freddie Mercury
19%
Running on Empty Jackson Browne
19%
Daughters John Mayer
19%
Rainbow Connection Kermit the Frog
19%
Need You Now Lady Antebellum
19%
Just Another Night Mick Jagger
19%
The Last of the Famous International Playboys Morrissey
19%
When You're Mad Ne-Yo
19%
I'm Broken Pantera
19%
When a Man Loves a Woman Percy Sledge
19%
Scatman (Ski Ba Bop Ba Dop Bop) Scatman John
19%
Goldfinger Shirley Bassey
19%
Wicked Garden Stone Temple Pilots
19%
You've Really Got a Hold on Me The Miracles
19%
She Looks So Perfect 5 Seconds of Summer
18%
The Chanukah Song Adam Sandler
18%
Ridin' Chamillionaire
18%
Wichita Lineman Glen Campbell
18%
Theme from "Shaft" Isaac Hayes
18%
Locomotive Breath Jethro Tull
18%
Get Low Lil Jon & the East Side Boyz
18%
Selling the Drama Live
18%
Where Have All the Cowboys Gone? Paula Cole
18%
Right Here Waiting Richard Marx
18%
Somebody's Watching Me Rockwell
18%
Merry Xmas Everybody Slade
18%
Not Ready to Make Nice The Dixie Chicks
18%
Joy to the World Three Dog Night
18%
Cornflake Girl Tori Amos
18%
I'm 'n Luv (wit a Stripper) T-Pain
18%
Maps Yeah Yeah Yeahs
18%
Sail AWOLNATION
17%
Takin' Care of Business Bachman-Turner Overdrive
17%
Blue Suede Shoes Carl Perkins
17%
Panda Desiigner
17%
Weapon of Choice Fatboy Slim
17%
Rhapsody in Blue George Gershwin
17%
Coming Out of the Dark Gloria Estefan
17%
Cult of Personality Living Colour
17%
Unwell Matchbox Twenty
17%
The Living Years Mike + The Mechanics
17%
Hoochie Coochie Man Muddy Waters
17%
Walkin' After Midnight Patsy Cline
17%
Because the Night Patti Smith Group
17%
Metal Health Quiet Riot
17%
Runaway Train Soul Asylum
17%
Valerie Steve Winwood
17%
She Talks to Angels The Black Crowes
17%
Long Cool Woman in a Black Dress The Hollies
17%
Lump The Presidents of the United States of America
17%
867-5309/Jenny Tommy Tutone
17%
Werewolves of London Warren Zevon
17%
Whataya Want from Me Adam Lambert
16%
Making Love Out of Nothing at All Air Supply
16%
Ever Fallen in Love (With Someone You Shouldn't've) Buzzcocks
16%
The Distance Cake
16%
Kung Fu Fighting Carl Douglas
16%
Dream Police Cheap Trick
16%
Do You Know the Way to San Jose Dionne Warwick
16%
Party Up (Up in Here) DMX
16%
Summertime Blues Eddie Cochran
16%
Bobby Brown (Goes Down) Frank Zappa
16%
Wet Dreamz J. Cole
16%
Canon in D Johann Pachelbel
16%
Too Shy Kajagoogoo
16%
Stand Up Ludacris
16%
Hair of the Dog Nazareth
16%
Donna Ritchie Valens
16%
I Can't Drive 55 Sammy Hagar
16%
Teen Age Riot Sonic Youth
16%
It's My Life Talk Talk
16%
Cat Scratch Fever Ted Nugent
16%
Hey Boy Hey Girl The Chemical Brothers
16%
1969 The Stooges
16%
Regulate Warren G
16%
Play That Funky Music Wild Cherry
16%
Show Me How to Live Audioslave
15%
Hail to the King Avenged Sevenfold
15%
Green Onions Booker T. & the M.G.'s
15%
Miami Vice Theme Jan Hammer
15%
I Can See Clearly Now Johnny Nash
15%
But for the Grace of God Keith Urban
15%
Trans-Europe Express Kraftwerk
15%
Dancing in the Street Martha and the Vandellas
15%
Round and Round Ratt
15%
Words as Weapons Seether
15%
It's Been Awhile Staind
15%
Vienna Ultravox!
15%
Goody Two Shoes Adam Ant
14%
I Am the Law Anthrax
14%
Sole Survivor Asia
14%
The Diary of Jane Breaking Benjamin
14%
Cars Gary Numan
14%
All My Ex's Live in Texas George Strait
14%
Cirice Ghost
14%
The Message Grandmaster Flash and the Furious Five
14%
Blame It Jamie Foxx
14%
Reggae Night Jimmy Cliff
14%
My Shot Lin-Manuel Miranda
14%
She Hates Me Puddle of Mudd
14%
Scary Monsters and Nice Sprites Skrillex
14%
What I Got Sublime
14%
Breathless The Corrs
14%
It's Your Thing The Isley Brothers
14%
Heart Full of Soul The Yardbirds
14%
The Kill Thirty Seconds to Mars
14%
Can't Get Enough Bad Company
13%
Butterfly Crazy Town
13%
Real Muthaphuckkin G's Eazy-E
13%
Take Me Home Tonight Eddie Money
13%
Santa Monica Everclear
13%
Flagpole Sitta Harvey Danger
13%
The Remedy (I Won't Worry) Jason Mraz
13%
Diamonds & Rust Joan Baez
13%
Up Where We Belong Joe Cocker and Jennifer Warnes
13%
Centerfield John Fogerty
13%
Daft Punk Is Playing at My House LCD Soundsystem
13%
Working for the Weekend Loverboy
13%
I Melt with You Modern English
13%
Sister Christian Night Ranger
13%
Spirit in the Sky Norman Greenbaum
13%
Weird Science Oingo Boingo
13%
Lisztomania Phoenix
13%
Tall Cool One Robert Plant
13%
Tribute Tenacious D
13%
Bohemian Like You The Dandy Warhols
13%
Angels The xx
13%
Dance Hall Days Wang Chung
13%
Con te partio (Time to Say Goodbye) Andrea Bocelli & Sarah Brightman
12%
Check the Rhime A Tribe Called Quest
12%
Turn the Page Bob Seger and the Silver Bullet Band
12%
Goodies Ciara
12%
My Band D12
12%
Let Me Love You DJ Snake
12%
Through the Fire and Flames DragonForce
12%
Always on Time Ja Rule
12%
You Make Me Feel Like Dancing Leo Sayer
12%
Holland, 1945 Neutral Milk Hotel
12%
Diana Paul Anka
12%
Do You Feel Like We Do? Peter Frampton
12%
My Name is Mud Primus
12%
U.N.I.T.Y. Queen Latifah
12%
Silent Lucidity Queensryche
12%
Youth Gone Wild Skid Row
12%
Say Hello, Wave Goodbye Soft Cell
12%
Every Morning Sugar Ray
12%
Hunger Strike Temple of the Dog
12%
Your Wildest Dreams The Moody Blues
12%
Your Love The Outfield
12%
One Headlight The Wallflowers
12%
Joker & the Thief Wolfmother
12%
No, No, No Yoko Ono
12%
I Just Want to Be Your Everything Andy Gibb
11%
Just a Friend Biz Markie
11%
Dream Lover Bobby Darin
11%
Put Your Hands Where My Eyes Could See Busta Rhymes
11%
Freddie's Dead Curtis Mayfield
11%
Mother Danzig
11%
Me Myself and I De La Soul
11%
Give Up the Funk (Tear the Roof off the Sucker) Parliament
11%
One Nation Under a Groove Funkadelic
11%
Pure Imagination Gene Wilder
11%
We're an American Band Grand Funk Railroad
11%
You Were Meant for Me Jewel
11%
Pure Morning Placebo
11%
Baby Come Back Player
11%
Feel Like Makin' Love Roberta Flack
11%
Steady, As She Goes The Raconteurs
11%
Another Sad Love Song Toni Braxton
11%
Ocean Man Ween
11%
Thunder Kiss '65 White Zombie
11%
Austin Blake Shelton
10%
Fire Water Burn Bloodhound Gang
10%
Welcome to the Internet Bo Burnham
10%
I'm a Man Bo Diddley
10%
The Simpsons Theme Danny Elfman
10%
Found a Way Drake Bell
10%
In a Sentimental Mood Duke Ellington
10%
Paralyzer Finger Eleven
10%
Mykonos Fleet Foxes
10%
Hemorrhage (In My Hands) Fuel
10%
The Pink Panther Theme Henry Mancini
10%
Anna Molly Incubus
10%
I Wanna Love You Forever Jessica Simpson
10%
Pretend We're Dead L7
10%
Holiday Road Lindsey Buckingham
10%
Kick Out the Jams MC5
10%
Personality Crisis New York Dolls
10%
Here It Goes Again OK Go
10%
Hong Kong Garden Siouxsie and the Banshees
10%
Wherever You Will Go The Calling
10%
She Don't Use Jelly The Flaming Lips
10%
Too Much Too Young The Specials
10%
Disco Inferno The Trammps
10%
Could've Been Tiffany
10%
Handle with Care Traveling Wilburys
10%
All Mixed Up 311
9%
Caught Up in You 38 Special
9%
You Know My Name Chris Cornell
9%
The Ecstasy of Gold Ennio Morricone
9%
Hey Man, Nice Shot Filter
9%
Cruise Florida Georgia Line
9%
Remember the Name Fort Minor
9%
Waiting Room Fugazi
9%
Bad to the Bone George Thorogood and the Destroyers
9%
Big Green Tractor Jason Aldean
9%
Walking in Memphis Marc Cohn
9%
Flight of the Bumblebee Nikolai Rimsky Korsakov
9%
Cut Your Hair Pavement
9%
Major Tom (Coming Home) Peter Schilling
9%
Let My Love Open the Door Pete Townshend
9%
The Power Snap!
9%
This Town Ain't Big Enough for Both of Us Sparks
9%
Threw It On The Ground The Lonely Island
9%
What I Like About You The Romantics
9%
Bad as Me Tom Waits
9%
Brick Ben Folds Five
8%
The World I Know Collective Soul
8%
Just Like Paradise David Lee Roth
8%
Sleep to Dream Fiona Apple
8%
Wrong Side of Heaven Five Finger Death Punch
8%
Turn On the Lights Future
8%
Axel F Harold Faltermeyer
8%
Island in the Sun Harry Belafonte
8%
Here Comes the Hotstepper Ini Kamoze
8%
The Heinrich Maneuver Interpol
8%
Beautiful Soul Jesse McCartney
8%
Erase Me Kid Cudi
8%
The Mercy Seat Nick Cave and the Bad Seeds
8%
Time Bomb Rancid
8%
Soul Man Sam & Dave
8%
New Rose The Damned
8%
(Get Your Kicks on) Route 66 The King Cole Trio
8%
Chalk Outline Three Days Grace
8%
Bang the Drum All Day Todd Rundgren
8%
Follow Me Uncle Kracker
8%
Easy Livin' Uriah Heep
8%
Slither Velvet Revolver
8%
Give Me Just One Night (Una Noche) 98 Degrees
7%
Judith A Perfect Circle
7%
Baby's on Fire Brian Eno
7%
Back at One Brian McKnight
7%
Low Cracker
7%
You Are a Tourist Death Cab for Cutie
7%
Guaranteed Eddie Vedder
7%
Atomic Dog George Clinton
7%
Smokestack Lightning Howlin' Wolf
7%
Boom Boom John Lee Hooker
7%
Forever in Love Kenny G
7%
Jesus Built My Hotrod Ministry
7%
Cranes in the Sky Solange
7%
Get Free The Vines
7%
Wake Up Jeff! The Wiggles
7%
Seether Veruca Salt
7%
Graduation (Friends Forever) Vitamin C
7%
Je veux Zaz
7%
All Cried Out Alison Moyet
6%
Bounce Back Big Sean
6%
Happy Song Bring Me the Horizon
6%
Scream Aim Fire Bullet for My Valentine
6%
Far Behind Candlebox
6%
Ghosts 'n' Stuff deadmau5
6%
Cha Cha Slide DJ Casper
6%
On the Backs of Angels Dream Theater
6%
Right Place, Wrong Time Dr. John
6%
Drink in My Hand Eric Church
6%
Rico Suave Gerardo
6%
Redneck Woman Gretchen Wilson
6%
Silver Machine Hawkwind
6%
Lake of Fire Meat Puppets
6%
Touch Me I'm Sick Mudhoney
6%
Fast Cars and Freedom Rascal Flatts
6%
Hustlin' Rick Ross
6%
Sound of Madness Shinedown
6%
In the Meantime Spacehog
6%
Institutionalized Suicidal Tendencies
6%
Then He Kissed Me The Crystals
6%
Life in a Northern Town The Dream Academy
6%
All You Zombies The Hooters
6%
Heartbreak Beat The Psychedelic Furs
6%
You Got Me The Roots
6%
Die a Happy Man Thomas Rhett
6%
Hole in My Shoe Traffic
6%
Can't Find My Way Home Blind Faith
5%
Send the Pain Below Chevelle
5%
No Surprise Daughtry
5%
Moskau Dschingis Khan
5%
Home Edward Sharpe and the Magnetic Zeros
5%
Voodoo Godsmack
5%
Silvera Gojira
5%
It's Your World Jennifer Hudson
5%
Slow Jam the News Jimmy Fallon
5%
Les Champs-Elysees Joe Dassin
5%
Secret Agent Man Johnny Rivers
5%
There Goes My Life Kenny Chesney
5%
Wildside Marky Mark and the Funky Bunch
5%
Okie from Muskogee Merle Haggard
5%
The House That Built Me Miranda Lambert
5%
A Perfect Day Elise PJ Harvey
5%
Pets Porno for Pyros
5%
Audience of One Rise Against
5%
I Put a Spell on You Screamin' Jay Hawkins
5%
Ball and Chain Social Distortion
5%
Everybody Needs Somebody to Love Solomon Burke
5%
Meant to Live Switchfoot
5%
Free Ride The Edgar Winter Group
5%
Heard It in a Love Song The Marshall Tucker Band
5%
Earth Angel The Penguins
5%
Are You Sure Hank Done It This Way Waylon Jennings
5%
Metalingus Alter Bridge
4%
When I See You Smile Bad English
4%
Everybody Wants You Billy Squier
4%
I'm Still a Guy Brad Paisley
4%
Red Dirt Road Brooks & Dunn
4%
No Problem Chance the Rapper
4%
Theme from Harry's Game Clannad
4%
Hello Darlin' Conway Twitty
4%
A Winter's Tale David Essex
4%
DotA Basshunter
4%
Why Do Fools Fall in Love Frankie Lymon & the Teenagers
4%
Love Bites (So Do I) Halestorm
4%
Maiden Voyage Herbie Hancock
4%
Dance with the Devil Immortal Technique
4%
Original Jelly Roll Blues Jelly Roll Morton
4%
Let It Rock Kevin Rudolf
4%
River of Deceit Mad Season
4%
This One's for the Girls Martina McBride
4%
Wish I Had an Angel Nightwish
4%
Crazy Arms Ray Price
4%
Send Me an Angel Real Life
4%
Lights Out Royal Blood
4%
Make You Miss Me Sam Hunt
4%
Nearly Lost You Screaming Trees
4%
Bam Bam Sister Nancy
4%
Na Na Hey Hey Kiss Him Goodbye Steam
4%
If I Didn't Care The Ink Spots
4%
New Fang Them Crooked Vultures
4%
Make Me Wanna Die The Pretty Reckless
4%
Something's Always Wrong Toad the Wet Sprocket
4%
Highway 20 Ride Zac Brown Band
4%
Aitakatta (I Wanted to Meet You) AKB48
3%
Don't Wanna Fight Alabama Shakes
3%
Is There a Ghost Band of Horses
3%
Desperately Wanting Better Than Ezra
3%
Clean Up Woman Betty Wright
3%
Fantastic Baby BIGBANG
3%
Gonna Fly Now Bill Conti
3%
Jesus Christ Brand New
3%
Uneasy Rider Charlie Daniels
3%
Welcome Home Coheed and Cambria
3%
First Cold War Kids
3%
Guillotine (It Goes Yah) Death Grips
3%
Fooled Around and Fell in Love Elvin Bishop
3%
Back Like That Ghostface Killah
3%
Pokemon Theme (Gotta Catch 'Em All) Jason Paige
3%
My Front Porch Looking In Lonestar
3%
So Alive Love and Rockets
3%
Y Hubo Alguien Marc Anthony
3%
How High Method Man & Redman
3%
Pata Pata Miriam Makeba
3%
Sex, Love & Money Mos Def
3%
Chloe Dancer/Crown of Thorns Mother Love Bone
3%
Promises, Promises Naked Eyes
3%
Slam Onyx
3%
Starseed Our Lady Peace
3%
Starry Eyed Surprise Paul Oakenfold
3%
Cuntry Boner Puscifer
3%
After the Fire Roger Daltrey
3%
Legend Has It Run the Jewels
3%
And the Bands Played On Saxon
3%
Let's Go All the Way Sly Fox
3%
For the Love of God Steve Vai
3%
Get Inside Stone Sour
3%
Digital Witness St. Vincent
3%
Civilization (Bongo Bongo Bongo) The Andrews Sisters & Danny Kaye
3%
The Rain, the Park & Other Things The Cowsills
3%
Oh, What a Night The Dells
3%
Prisoner of Society The Living End
3%
Cissy Strut The Meters
3%
Jackie Blue The Ozark Mountain Daredevils
3%
Wish I Knew You The Revivalists
3%
Salt Shaker The Ying Yang Twins
3%
Baila (Sexy Thing) Zucchero Fornaciari
3%
Chasing Time Azealia Banks
2%
Crazy Man, Crazy Bill Haley & His Comets
2%
Main Title from "Terminator 2" Brad Fiedel
2%
The Valley Road Bruce Hornsby and the Range
2%
A Lover's Question Clyde McPhatter
2%
Live & Learn Crush 40
2%
I Ejaculate Fire Dethklok
2%
I'm Throwing Rice (At the Girl That I Love) Eddy Arnold
2%
Feel Inside (And Stuff Like That) Flight of the Conchords
2%
Lexicon Devil Germs
2%
Major General's Song Gilbert and Sullivan
2%
Natural Born Bugie Humble Pie
2%
What's on Your Mind (Pure Energy) Information Society
2%
U Make Me Wanna Jadakiss
2%
ChaChaLaLa Jim Johnston
2%
What Becomes of the Brokenhearted Jimmy Ruffin
2%
The Sweetest Thing (I've Ever Known) Juice Newton
2%
Reagan Killer Mike
2%
Green Machine Kyuss
2%
R.I.C.O. Meek Mill
2%
No Myth Michael Penn
2%
Kissin U Miranda Cosgrove
2%
Destination Unknown Missing Persons
2%
Night on Bald Mountain Modest Mussorgsky
2%
Holdin on to Black Metal My Morning Jacket
2%
Tiptoe Through the Tulips Nick Lucas
2%
Dinosaur Laser Fight Ninja Sex Party
2%
One-Winged Angel Nobuo Uematsu
2%
¿Cómo te va mi amor? Pandora
2%
Sea of Love Phil Phillips
2%
Low Self Opinion Rollins Band
2%
Always Saliva
2%
The End of the World Skeeter Davis
2%
Ain't No Man The Avett Brothers
2%
45 The Gaslight Anthem
2%
Wax Simulacra The Mars Volta
2%
Sugar and Spice The Searchers
2%
BRAINS! Voltaire
2%
Soul Survivor Young Jeezy
2%
Tell It Like It Is Aaron Neville
1%
Al Qahira "Cairo" Amr Diab
1%
Eyes on Fire Blue Foundation
1%
Letters from the Sky Civil Twilight
1%
Lux Aeterna Clint Mansell
1%
505 Coast Contra
1%
Mona Lisa Lost Her Smile David Allan Coe
1%
I Can't Stop Flux Pavilion
1%
Here Comes a Special Boy Freezepop
1%
Tenderness General Public
1%
My Name is Human Highly Suspect
1%
Everlasting Love Howard Jones
1%
Sex Ed Rocks I Set My Friends on Fire
1%
Push Comes to Shove Jackyl
1%
Zip-a-Dee-Doo-Dah James Baskett
1%
You're the Best Joe Esposito
1%
The Time Is Now John Cena & Tha Trademarc
1%
Everyday Normal Guy Jon Lajoie
1%
Player's Anthem Junior M.A.F.I.A.
1%
Why Me Kris Kristofferson
1%
Tight Rope Leon Russell
1%
Frying Pan Mac Sabbath
1%
Straight to Video Mindless Self Indulgence
1%
Bustin' Neil Cicierega
1%
The Christmas Shoes NewSong
1%
Heartless Scat Ningen Isu
1%
Brain Power Noma
1%
You Are My Friend Patti LaBelle
1%
Suck Pigface
1%
What God Wants, Part I Roger Waters
1%
Keep Hope Alive The Crystal Method
1%
Cut Me Some Slack The Sound City Players
1%
I Dreamed a Dream Claude-Michel Schönberg
0%
Drowning in a Daydream Corrosion of Conformity
0%
Mother, I'm Here (Zulf's Theme) Darren Korb
0%
Declaration (This Is It) Kirk Franklin
0%
The Wonder of it All Kristine W
0%
Beautiful Life Lydia Canaan
0%
Pka Kabas Pan Ron
0%
Living on the 110 Prophets of Rage
0%
No matching quizzes found
Score Distribution
Percent of People with Each Score
Percentile by Number Answered
Your Score History
You have not taken this quiz